The economics of contracting: foundations, applications and empirical investigations. Proceedings of the eight francqui colloquium
Gespeichert in:
| 1. Verfasser: | |
|---|---|
| Format: | Buch |
| Sprache: | Englisch |
| Veröffentlicht: |
Bruselas
De Boeck
2006
|
| Ausgabe: | 1a. ed |
| Schriftenreihe: | Bibliothèque Scientifique Francqui, 7
|
| Schlagworte: | |
| Tags: |
Tag hinzufügen
Keine Tags, Fügen Sie den ersten Tag hinzu!
|
MARC
| LEADER | 00000nam a2200000 a 4500 | ||
|---|---|---|---|
| 001 | UCJ9352 | ||
| 003 | CL-VaPUC | ||
| 005 | 20220315074419.0 | ||
| 008 | 070316e20060000be 1 eng d | ||
| 020 | |a 2804149056 | ||
| 082 | 0 | 4 | |a 331.2 |b DEW |2 21 |
| 100 | 1 | |a Dewatripont, Mathias |e author |9 620974 | |
| 245 | 1 | 4 | |a The economics of contracting: foundations, applications and empirical investigations. Proceedings of the eight francqui colloquium |
| 250 | |a 1a. ed | ||
| 260 | |a Bruselas |b De Boeck |c 2006 | ||
| 300 | |a 557 p | ||
| 490 | 0 | |a Bibliothèque Scientifique Francqui, 7 | |
| 583 | |a last modification |c 20070316 00:00:00 |k Rodrigo Vera | ||
| 650 | 0 | 0 | |a Contratos |9 255153 |
| 650 | 0 | 0 | |a Congresos |9 257560 |
| 650 | 0 | 0 | |a Microeconomía |9 258126 |
| 650 | 0 | 0 | |a Econometría |9 261029 |
| 650 | 0 | 0 | |a Modelos matemáticos |9 259437 |
| 942 | |c BK | ||
| 945 | |a cmena |d 20070316 00:00:00 | ||
| 546 | |a En Inglés | ||
| 536 | |a ECARES | ||
| 536 | |a Université Libre de Bruxelles | ||
| 518 | |p Francqui Colloquium, 8, Bruselas, 19-21 de noviembre de 1999 | ||
| 999 | |c 384240 |d 384238 | ||
| 952 | |0 0 |1 0 |4 0 |6 331_200000000000000_DEW_2006 |7 0 |8 A |9 506866 |a BIBGIM |b BIBGIM |d 2020-01-23 |i 4323122 |o 331.2 DEW 2006 |p 4323122 |r 2025-01-15 |w 2020-01-23 |y BK |k GIM | ||